|
|
|
|
| LEADER |
00000nam a2200000 a 4500 |
| 001 |
vtls001387800 |
| 003 |
SK-MaSNL |
| 005 |
20260302000851.0 |
| 008 |
160415s1999 xo 0 cze |
| 015 |
|
|
|a SNBG2000/02-00790
|
| 035 |
|
|
|a SNK000342005
|
| 040 |
|
|
|a SNK
|b slo
|c SNK
|e AACR2
|
| 041 |
0 |
|
|a cze
|
| 044 |
|
|
|a xo
|c SK
|
| 080 |
|
|
|a 75.03(058)"2000"
|2 1981
|
| 245 |
1 |
|
|a Jan Saudek 2000
|h grafika
|
| 260 |
|
|
|a [Banská Bystrica
|b Spektrum Grafik
|c 1999]
|
| 300 |
|
|
|a [13] listov
|b fotogr.
|c 60x48 cm
|
| 600 |
1 |
7 |
|a Saudek, Jan,
|d 1935-
|2 SNK
|9 122724
|
| 655 |
|
7 |
|a nástenné kalendáre
|2 SNK
|9 70664
|
| 958 |
|
|
|a TL
|
| 999 |
|
|
|c 981462
|d 983392
|
| 952 |
|
|
|t P60, <03>, [BOOK], {603}
|a SNK
|b SNK
|y PREZ
|7 0
|p 17A0237212
|o snkOSA 536
|i snkKSP 4543/2000
|0 0
|1 0
|4 0
|d 2000-05-02
|l 0
|r 2005-01-02 00:00:00
|w 2026-02-24
|